[Event "Schweinfurt op 29th"]
[Site "Schweinfurt"]
[Date "2019.06.23"]
[Round "6"]
[White "Schrutka, Friedrich"]
[Black "Braetz, Yannick"]
[Result "1/2-1/2"]
[WhiteElo "1794"]
[BlackElo "1669"]
[PlyCount "81"]
[EventDate "2019.06.20"]
[EventType "swiss"]
[EventRounds "7"]
[EventCountry "GER"]
[SourceTitle "CBM 191 Extra"]
[Source "ChessBase"]
[SourceDate "2019.09.30"]
[SourceVersion "1"]
[SourceVersionDate "2019.09.30"]
[SourceQuality "1"]

1. Nf3 Nf6 2. c4 g6 3. b3 Bg7 4. Bb2 0-0 5. g3 d6 6. Bg2 c5 7. 0-0 Nc6 8. a3 a6 9. d3 Rb8 10. Nbd2 Bd7 11. h3 Qc7 12. Qc2 b5 13. cxb5 Rxb5 14. Ng5 Rfb8 15. Rab1 h6 16. Nge4 Nxe4 17. Bxg7 Nxd2 18. a4 Rxb3 19. Rxb3 Rxb3 20. Bxh6 Nxf1 21. Qxb3 Qb8 22. Qd1 Nxg3 23. fxg3 Qb2 24. Bc1 Qc3 25. Kh2 Nd4 26. e3 Qc2 27. Qxc2 Nxc2 28. a5 Bb5 29. Be4 Nb4 30. d4 cxd4 31. exd4 Nc6 32. Bxc6 Bxc6 33. Kg1 e5 34. dxe5 dxe5 35. Kf2 f6 36. h4 Kf7 37. Ke3 Ke6 38. Ba3 f5 39. Bf8 Kf7 40. Bh6 Ke6 41. Bg5 1/2-1/2

[Event "Unterfranken-ch69 HT"]
[Site "Schweinfurt"]
[Date "2018.04.06"]
[Round "8"]
[White "Simon, Manuel"]
[Black "Braetz, Yannick"]
[Result "1/2-1/2"]
[WhiteElo "1562"]
[BlackElo "1363"]
[PlyCount "71"]
[EventDate "2018.04.02"]
[EventType "swiss"]
[EventRounds "9"]
[EventCountry "GER"]
[SourceTitle "EXT 2019"]
[Source "ChessBase"]
[SourceDate "2018.10.10"]
[SourceVersion "1"]
[SourceVersionDate "2018.10.10"]
[SourceQuality "1"]

1. e4 e5 2. Nf3 Nc6 3. d4 exd4 4. Nxd4 Bc5 5. Be3 Qf6 6. c3 Nge7 7. Bc4 d6 8. 0-0 Bb6 9. Re1 Ne5 10. Be2 0-0 11. Nd2 Bd7 12. Kh1 N5c6 13. Nc4 Nxd4 14. Nxb6 axb6 15. cxd4 Rfd8 16. Bf3 Nc6 17. Qd2 Qg6 18. Rec1 Rac8 19. a3 Bg4 20. Qe2 Bxf3 21. Qxf3 Re8 22. Qf5 Qxf5 23. exf5 d5 24. Re1 h6 25. Rac1 Kh7 26. h3 Re7 27. Kg1 Rce8 28. Kf1 Na5 29. Bf4 Nc4 30. Rxe7 Rxe7 31. b3 Nd6 32. g4 g6 33. fxg6+ fxg6 34. Be5 Rd7 35. f3 c6 36. Kf2 1/2-1/2

[Event "Unterfranken-ch69 HT"]
[Site "Schweinfurt"]
[Date "2018.04.02"]
[Round "1"]
[White "Braetz, Yannick"]
[Black "Elbert, Thomas"]
[Result "0-1"]
[WhiteElo "1363"]
[BlackElo "1789"]
[PlyCount "92"]
[EventDate "2018.04.02"]
[EventType "swiss"]
[EventRounds "9"]
[EventCountry "GER"]
[SourceTitle "EXT 2019"]
[Source "ChessBase"]
[SourceDate "2018.10.10"]
[SourceVersion "1"]
[SourceVersionDate "2018.10.10"]
[SourceQuality "1"]

1. e4 Nf6 2. e5 Nd5 3. d4 d6 4. c4 Nb6 5. exd6 exd6 6. Nf3 Bg4 7. Be2 Be7 8. 0-0 0-0 9. b3 N8d7 10. Bb2 Bf6 11. Qc2 Re8 12. h3 Bh5 13. Na3 c6 14. Rae1 Qc7 15. Nh2 Bg6 16. Bd3 Nf8 17. Nb1 Qd7 18. Nd2 Re6 19. Ng4 Bd8 20. Bxg6 Rxg6 21. Kh1 Bc7 22. Nf3 Qd8 23. a4 Nbd7 24. b4 a6 25. Qd2 d5 26. c5 Ne6 27. Nge5 Nxe5 28. Nxe5 Rh6 29. Qe3 Qh4 30. Qg3 Qd8 31. Qe3 Ng5 32. Nf3 Ne4 33. Nd2 f5 34. Nxe4 fxe4 35. Bc1 Rg6 36. f3 Rg3 37. Qe2 exf3 38. Rxf3 Rxf3 39. Qxf3 Qh4 40. Qe3 Rf8 41. Qe6+ Kh8 42. Qe3 h6 43. Qg1 Bg3 44. Re3 Bf2 45. Qh2 Qxd4 46. Qd6 Rf6 0-1

[Event "Unterfranken-ch HA 63th"]
[Site "Schweinfurt"]
[Date "2012.04.12"]
[Round "6"]
[White "Braetz, Yannick"]
[Black "Tseluyko, Pavel"]
[Result "1/2-1/2"]
[WhiteElo "874"]
[BlackElo "1135"]
[PlyCount "78"]
[EventDate "2012.04.09"]
[EventType "swiss"]
[EventRounds "9"]
[EventCountry "GER"]
[SourceTitle "EXT 2015"]
[Source "ChessBase"]
[SourceDate "2014.11.20"]
[SourceVersion "1"]
[SourceVersionDate "2014.11.20"]
[SourceQuality "1"]

1. e4 e5 2. f4 d6 3. Nf3 exf4 4. Bc4 Be6 5. d3 Be7 6. Bxf4 g5 7. Bg3 Bf6 8. c3 Nc6 9. a3 g4 10. 0-0 gxf3 11. Qxf3 Qe7 12. Re1 0-0-0 13. Nd2 Nh6 14. Bd5 Bg4 15. Qf2 Ne5 16. Bxe5 Qxe5 17. Nc4 Qh5 18. Qxf6 Rhg8 19. Re3 Bh3 20. Kf1 Bxg2+ 21. Ke1 Qxh2 22. Kd1 Bh3 23. e5 Ng4 24. Re2 Qg1+ 25. Kc2 Qxa1 26. Qh4 Qf1 27. Re4 Nxe5 28. Nxe5 dxe5 29. Rxe5 Rg2+ 30. Bxg2 Qxd3+ 31. Kb3 Bxg2 32. Qg4+ Kb8 33. Qxg2 a6 34. Qg7 b5 35. Qxf7 Kb7 36. Qe7 a5 37. Rc5 Rd7 38. Qe6 Rd6 39. Qe5 Kb6 1/2-1/2